| 000 | 00520nam a2200181Ia 4500 | ||
|---|---|---|---|
| 003 | OSt | ||
| 005 | 20200610130846.0 | ||
| 008 | 190216s9999||||xx |||||||||||||| ||und|| | ||
| 040 | _coclc | ||
| 082 |
_a934 _bMUH/B |
||
| 100 |
_aMuhammed, T _91908 |
||
| 245 | 0 |
_aBharatheeya Samskarathinte Adiyozhukkukal / _cT Muhammed |
|
| 250 | _aVol - 1 | ||
| 260 |
_bIslamic Publishing House, _aKozhikode: _c1997. |
||
| 300 | _a197p | ||
| 650 | _xAncient History | ||
| 942 |
_cBK _2ddc _h934 _iMUH/B _k934 _mMUH/B |
||
| 999 |
_c20602 _d20602 |
||